000 00557nam a2200205Ia 4500
005 20260429112105.0
008 260429s9999||||xx |||||||||||||| ||und||
020 _a9781032619750
041 _aEnglish
082 _a339
_bSCH
100 _aSchneider, Geoffrey
245 0 _aEconomic principles and problems :
_ba pluralist introduction /
_cGeoffrey Schneider
250 _a2nd ed.
260 _aLondon :
_bRoutledge,
_c2025.
300 _axxxix, 998 p.; pbk
650 _a Corporations
650 _a Markets
650 _aEconomics
942 _cTB
999 _c52302
_d52302